Man Made a Bar - Morgan Wallen Lyrics - Statistics

General Stats
  • This quiz has been taken 166 times
  • The average score is 226 of 282
Answer Stats
Lyrics % Correct
I
100%
a
99%
bar
97%
made
97%
man
96%
he
94%
the
94%
go
93%
God
92%
in
92%
it
92%
on
92%
to
92%
was
91%
good
90%
she
90%
so
90%
world
90%
an
88%
days
88%
got
88%
great
88%
said
88%
bet
86%
if
86%
lonely
86%
seven
86%
short
86%
you
86%
lord
85%
of
85%
only
85%
could
84%
girl
84%
have
84%
heart
84%
my
84%
please
84%
your
84%
but
82%
when
82%
angel
81%
hold
81%
breaks
80%
place
80%
arms
79%
art
79%
work
79%
best
78%
did
78%
his
77%
make
77%
me
76%
sat
76%
too
76%
been
75%
didn't
75%
down
75%
friend
75%
and
73%
boots
73%
like
73%
yeah
73%
again
72%
cause
72%
out
72%
time
72%
walked
72%
no
71%
wife
71%
barstool
70%
first
70%
fool
70%
bartender
69%
back
68%
it's
68%
its
68%
darn
67%
over
67%
as
66%
story
66%
night
65%
old
65%
since
65%
opened
64%
up
64%
85
63%
busy
61%
her
61%
some
61%
oh
57%
beer
55%
half
53%
say
53%
stayin
53%
cover
51%
buckets
50%
dozen
50%
know
49%
band
46%
planned
46%
price
46%
way
46%
why
46%
devil
45%
for
45%
here
44%
than
44%
just
43%
new
43%
damn
42%
falls
42%
hard
41%
piece
41%
guys
40%
more
40%
brand
39%
loses
39%
needs
39%
sometimes
39%
that's
39%
start
36%
they're
35%
things
8%
No matching quizzes found
Score Distribution
Percent of People with Each Score
Percentile by Number Answered
Your Score History
You have not taken this quiz